2016: nové pravidlá pre e-shopy

Rozvoj a rast počtu internetových obchodov – e-shopov, podnecuje legislatívu k novelám, prinášajúcim zmeny a úpravy práv a povinností ich prevádzkovateľov. Zmeny v povinnostiach voči zákazníkom aj úradom.

Guardado en:
Detalles Bibliográficos
Autor principal: Bystrická, Katarína
Formato: Capítulo de libro
Lenguaje:eslovaco
Materias:
Etiquetas: Agregar Etiqueta
Sin Etiquetas, Sea el primero en etiquetar este registro!

MARC

LEADER 00000naa a2200000 4500
001 0222561
005 20160928112749.5
041 0 |a slo 
044 |a SK 
245 1 0 |a 2016: nové pravidlá pre e-shopy  |c Katarína Bystrická 
520 |a Rozvoj a rast počtu internetových obchodov – e-shopov, podnecuje legislatívu k novelám, prinášajúcim zmeny a úpravy práv a povinností ich prevádzkovateľov. Zmeny v povinnostiach voči zákazníkom aj úradom. 
610 2 0 |a obchod elektronický 
610 2 0 |a internet 
610 2 0 |a domy obchodné virtuálne 
610 2 0 |a podmienky obchodné 
610 2 0 |a technika obchodná 
610 2 0 |a technika predaja 
610 2 0 |a legislatíva 
610 2 0 |a ochrana spotrebiteľa 
100 1 |a Bystrická, Katarína